000 01056nam a22004090a 4500
001 PT53073
003 AR-LpoUNG
005 20210131231543.0
008 191001s2007||||ag |||||||||||||||||spa d
020 _a9789509009868
_c$8,76
040 _aAR-LpoUNG
_bspa
_cAR-LpoUNG
_eaacr
041 _aspa
044 _aag
082 0 _a982.065 925cru
100 1 _aGuembe, MarĂ­a Laura
245 1 0 _aCruces :
_bidas y vueltas de Malvinas
250 _a1ra. ed.
260 _aBuenos Aires :
_bEdhasa,
_c2007.
300 _a128 p. :
_bfot.
650 4 _aACTIVIDAD MILITAR
650 4 _aARGENTINA
650 4 _aCIENCIAS SOCIALES
650 4 _aDERECHOS HUMANOS
650 4 _aFOTOGRAFIA
650 4 _aGOBIERNO MILITAR
650 4 _aGUERRA
650 4 _aHISTORIA
650 4 _aHISTORIA POLITICA
650 4 _aMILITARISMO
650 4 _aSERVICIO MILITAR
651 4 _aDOCUMENTOS TEORICOS O METODOLOGICOS
653 _aDOCTORAR
653 _aMEMORIA COLECTIVA
700 1 _aLorenz, Federico Guillermo
905 _a53073
942 _cLIB
999 _c10699
_d10699